[Event "Global Chess League Final"]
[Site "Dubai UAE"]
[Date "2023.07.02"]
[Round "1.1"]
[White "Aronian, Levon"]
[Black "Vachier-Lagrave, Maxime"]
[Result "1-0"]
[WhiteTitle "GM"]
[BlackTitle "GM"]
[WhiteElo "2742"]
[BlackElo "2739"]
[WhiteTeam "Triveni Continental Kings"]
[BlackTeam "Upgrad mumba masters"]
[WhiteFideId "13300474"]
[BlackFideId "623539"]
[EventDate "2023.07.02"]

1. e4 c5 2. Nf3 Nc6 3. Bb5 g6 4. O-O Bg7 5. Re1 Nf6 6. e5 Nd5 7. Nc3 Nc7 8. Bxc6
dxc6 9. h3 b6 10. d3 Ne6 11. Ne2 h6 12. Bd2 Qd5 13. a4 a5 14. Ra3 O-O 15. Qc1
Kh7 16. Be3 f5 17. h4 b5 18. c4 Qd7 19. Nf4 Nd4 20. Bxd4 cxd4 21. c5 b4 22. Ra1
Ba6 23. Qd1 e6 24. g3 Rfe8 25. Kg2 Rad8 26. Rh1 Qf7 27. Qe2 Kg8 28. Nd2 Kh7 29.
Rac1 Bf8 30. Rh3 Kg7 31. Nb3 Qc7 32. g4 Rd5 33. Nxd5 exd5 34. gxf5 Rxe5 35. Qg4
Rxf5 36. Nxd4 Bc8 37. Nxf5+ Bxf5 38. Qg3 Bxh3+ 39. Kxh3 Qf7 40. d4 Be7 41. Re1
h5 42. Kg2 Bf6 43. Qf4 Kh7 44. Re3 Qg7 45. Qd6 Bxh4 46. Qxc6 Qxd4 47. Qd7+ Kh6
48. c6 Qf4 49. Rf3 Qg5+ 50. Kh2 Qe5+ 51. Kh3 Qe1 52. Kg2 Bxf2 53. Rxf2 Qe4+ 54.
Kh2 Qh4+ 55. Kg1 Qg3+ 56. Kf1 Qd3+ 57. Re2 Qf3+ 58. Ke1 Qg3+ 59. Kd2 Qf4+ 60.
Kd3 Qc4+ 61. Ke3 Qe4+ 62. Kf2 Qf4+ 63. Kg2 Qg5+ 64. Kh3 Qf4 65. Qe6 d4 66. Qe5
Qg4+ 67. Kh2 Qh4+ 68. Kg1 1-0

[Event "Global Chess League Final"]
[Site "Dubai UAE"]
[Date "2023.07.02"]
[Round "1.2"]
[White "Yu, Yangyi"]
[Black "Grischuk, Alexander"]
[Result "1/2-1/2"]
[WhiteTitle "GM"]
[BlackTitle "GM"]
[WhiteElo "2735"]
[BlackElo "2736"]
[WhiteTeam "Triveni Continental Kings"]
[BlackTeam "Upgrad mumba masters"]
[WhiteFideId "8603820"]
[BlackFideId "4126025"]
[EventDate "2023.07.02"]

1. e4 e5 2. Nf3 Nc6 3. Bc4 Bc5 4. d3 Nf6 5. O-O d6 6. c3 a6 7. Nbd2 Ba7 8. Re1
O-O 9. Bb3 Ng4 10. Re2 Kh8 11. h3 Nh6 12. d4 exd4 13. cxd4 Bxd4 14. Nf1 Bc5 15.
Bg5 f6 16. Bxh6 gxh6 17. Qd2 Ne5 18. N1h2 Qe7 19. Qxh6 Qg7 20. Qxg7+ Kxg7 21.
Rd1 Bd7 22. Nd4 Rfe8 23. Nf1 Bxh3 24. gxh3 Bxd4 25. Ng3 Kh8 26. Kg2 Bc5 27. f4
Ng6 28. Kf3 c6 29. h4 Nxh4+ 30. Kg4 Ng6 31. Rh2 Re7 32. Nf5 Rc7 33. Nxd6 Bxd6
34. Rxd6 Kg7 35. e5 fxe5 36. f5 Nf4 37. f6+ Kh8 38. Rhd2 Nd5 39. Bxd5 cxd5 40.
R2xd5 Kg8 41. Kf5 Rf8 42. Rd7 Rc6 43. R5d6 Rxd6 44. Rxd6 e4 45. Kxe4 Re8+ 46.
Kf5 Re2 47. Rd8+ Kf7 48. Rd7+ Kf8 49. Rxb7 Rf2+ 50. Ke6 Re2+ 51. Kd5 h5 52. a4
h4 53. Rh7 Rxb2 54. Rxh4 Kf7 55. Rf4 a5 56. Kc5 Rb1 57. Kd5 Rb6 58. Rc4 Kxf6 59.
Rc5 Ke7 60. Rxa5 Kd7 61. Rc5 Rd6+ 62. Kc4 Rc6 63. Kb5 Rxc5+ 64. Kxc5 Kc7 65. a5
Kb7 66. Kb5 Ka7 1/2-1/2

[Event "Global Chess League Final"]
[Site "Dubai UAE"]
[Date "2023.07.02"]
[Round "1.4"]
[White "Lagno, Kateryna"]
[Black "Koneru, Humpy"]
[Result "1/2-1/2"]
[WhiteTitle "GM"]
[BlackTitle "GM"]
[WhiteElo "2552"]
[BlackElo "2553"]
[WhiteTeam "Triveni Continental Kings"]
[BlackTeam "Upgrad mumba masters"]
[WhiteFideId "14109336"]
[BlackFideId "5008123"]
[EventDate "2023.07.02"]

1. e4 e5 2. Nf3 Nf6 3. Nxe5 d6 4. Nf3 Nxe4 5. d3 Nf6 6. d4 g6 7. Bb5+ c6 8. Bd3
Bg7 9. Qe2+ Qe7 10. Qxe7+ Kxe7 11. O-O Rd8 12. Re1+ Kf8 13. Bf4 h6 14. h4 Nd5
15. Bd2 Bg4 16. c3 Bxf3 17. gxf3 Nd7 18. Na3 b5 19. Nc2 N7b6 20. b3 Ne7 21. a4
bxa4 22. bxa4 c5 23. a5 Nbd5 24. Rab1 Rab8 25. c4 Nb4 26. Nxb4 cxb4 27. d5 b3
28. Be3 Rd7 29. Bf4 Rb4 30. Bd2 Rb8 31. Bf4 Rb4 32. Bd2 Rb8 1/2-1/2

[Event "Global Chess League Final"]
[Site "Dubai UAE"]
[Date "2023.07.02"]
[Round "1.5"]
[White "Khademalsharieh, Sarasadat"]
[Black "Dronavalli, Harika"]
[Result "1/2-1/2"]
[WhiteTitle "IM"]
[BlackTitle "GM"]
[WhiteElo "2488"]
[BlackElo "2500"]
[WhiteTeam "Triveni Continental Kings"]
[BlackTeam "Upgrad mumba masters"]
[WhiteFideId "12512214"]
[BlackFideId "5015197"]
[EventDate "2023.07.02"]

1. d4 g6 2. Nf3 Bg7 3. g3 Nf6 4. c4 d6 5. Bg2 O-O 6. O-O c5 7. dxc5 dxc5 8. Nc3
Nc6 9. Bf4 Nh5 10. Be3 b6 11. Qc1 Bb7 12. Rd1 Qe8 13. Nd5 Rd8 14. Bh6 Rd7 15. g4
Nf6 16. Bxg7 Kxg7 17. Qc3 h6 18. h4 Nd4 19. Nxd4 cxd4 20. Rxd4 Bxd5 21. cxd5 Kh7
22. Rad1 Qb8 23. Bf3 Qe5 24. Rc4 Qxc3 25. Rxc3 e6 26. e4 Rfd8 27. g5 Ne8 28. Kg2
Kg7 29. Rdc1 exd5 30. exd5 h5 31. Rc8 Rxc8 32. Rxc8 Nd6 33. Rc3 f6 34. gxf6+
Kxf6 35. Re3 Nf5 36. Re6+ Kf7 37. Be4 Ne7 38. Re5 Kf6 39. Rg5 Nf5 40. Bxf5 gxf5
41. Rxh5 Rxd5 42. Rh7 Rd2 43. Rxa7 Rxb2 44. Kg3 Kg6 45. f3 Rb4 46. a3 Rb3 47.
Kf4 Rc3 48. Ra6 Rb3 49. Ra8 Rc3 50. Rg8+ Kf7 51. Rg5 Rc4+ 52. Kxf5 Rxh4 53. Rg3
Rh5+ 54. Ke4 Ra5 55. f4 Ke6 56. Rb3 b5 57. Kf3 Ra4 58. Kg4 Kf6 59. Kg3 Ke6 60.
Kf3 Kf6 61. Kg4 Kg6 62. Rxb5 Rxa3 63. Rb6+ Kf7 64. Kg5 Ra7 65. f5 Rc7 66. Rh6
Rc1 67. Rh7+ Kg8 68. Re7 Rc6 69. Re6 Rc7 70. Rg6+ Kf7 71. Rh6 Rc1 72. Rh7+ Kg8
73. Rd7 Rc6 74. Kf4 Rc5 75. Ke4 Kf8 76. Rd5 Rxd5 77. Kxd5 Kf7 78. Ke4 1/2-1/2

[Event "Global Chess League Final"]
[Site "Dubai UAE"]
[Date "2023.07.02"]
[Round "1.6"]
[White "Bjerre, Jonas Buhl"]
[Black "Sindarov, Javokhir"]
[Result "0-1"]
[WhiteTitle "GM"]
[BlackTitle "GM"]
[WhiteElo "2624"]
[BlackElo "2659"]
[WhiteTeam "Triveni Continental Kings"]
[BlackTeam "Upgrad mumba masters"]
[WhiteFideId "1444948"]
[BlackFideId "14205483"]
[EventDate "2023.07.02"]

1. e4 e5 2. Nf3 Nc6 3. Bb5 a6 4. Ba4 Nf6 5. O-O Bc5 6. c3 b5 7. Bc2 d5 8. a4
dxe4 9. axb5 Bg4 10. bxc6 exf3 11. gxf3 Bh3 12. Re1 O-O 13. Ra5 Qd6 14. b4 Bxf2+
15. Kxf2 e4 16. Kg1 Rae8 17. Re3 Nh5 18. Rg5 Qh6 19. f4 Nxf4 20. Reg3 f5 21.
Rxg7+ Qxg7 22. Rxg7+ Kxg7 23. Qe1 Rf6 24. Qe3 Rg6+ 25. Kf2 Rg4 26. Bb2 Re6 27.
c4+ Kf7 28. b5 Rg2+ 29. Ke1 Nd3+ 30. Bxd3 exd3 31. Be5 Re2+ 32. Qxe2 dxe2 33.
Bxc7 axb5 34. cxb5 f4 35. Bxf4 Rf6 36. Kxe2 Rxf4 37. Nc3 Rb4 38. Ke3 Ke6 39. d4
Bg2 40. h4 Kd6 41. h5 h6 42. Kf2 Bh1 43. Ke3 Bg2 44. Kf2 Rb3 45. Ne2 Bd5 46. Ng3
Kc7 0-1

[Event "Global Chess League Final"]
[Site "Dubai UAE"]
[Date "2023.07.02"]
[Round "2.1"]
[White "Vachier-Lagrave, Maxime"]
[Black "Aronian, Levon"]
[Result "1/2-1/2"]
[WhiteTitle "GM"]
[BlackTitle "GM"]
[WhiteElo "2739"]
[BlackElo "2742"]
[WhiteTeam "Upgrad mumba masters"]
[BlackTeam "Triveni Continental Kings"]
[WhiteFideId "623539"]
[BlackFideId "13300474"]
[EventDate "2023.07.02"]

1. d4 d5 2. c4 dxc4 3. e4 Nf6 4. e5 Nd5 5. Bxc4 Bf5 6. Ne2 e6 7. O-O Nb6 8. Bb3
c5 9. Nbc3 Nc6 10. d5 exd5 11. Nxd5 Be7 12. Nxe7 Qxe7 13. Ng3 Bg6 14. e6 fxe6
15. Bxe6 Qxe6 16. Re1 Ne5 17. Bf4 Nbd7 18. Bxe5 Nxe5 19. f4 O-O 20. Rxe5 Qc4 21.
f5 Rad8 22. Qb3 Qxb3 23. axb3 Be8 24. Rxc5 Rd2 25. Rc7 Bc6 26. Re1 Rxg2+ 27. Kf1
Rxh2 28. Ree7 g6 29. Kg1 Rh3 30. Ne4 Bxe4 31. Rxe4 Rxf5 32. Re8+ Rf8 33. Ree7
Rb8 34. Kg2 Rh5 35. b4 a6 36. Rg7+ Kh8 37. Rgf7 g5 38. Kg3 Rh4 39. b5 axb5 40.
Rf5 Rc4 41. Rd7 Rg8 42. Rxb5 Rh4 43. Rbxb7 Rh5 44. Kg4 Rh4+ 45. Kg3 Rh6 46. b4
g4 47. b5 Rh3+ 48. Kg2 Rh6 49. Kg3 Rh3+ 50. Kg2 Rh5 51. Kg3 Rh3+ 1/2-1/2

[Event "Global Chess League Final"]
[Site "Dubai UAE"]
[Date "2023.07.02"]
[Round "2.2"]
[White "Grischuk, Alexander"]
[Black "Yu, Yangyi"]
[Result "1-0"]
[WhiteTitle "GM"]
[BlackTitle "GM"]
[WhiteElo "2736"]
[BlackElo "2735"]
[WhiteTeam "Upgrad mumba masters"]
[BlackTeam "Triveni Continental Kings"]
[WhiteFideId "4126025"]
[BlackFideId "8603820"]
[EventDate "2023.07.02"]

1. c4 c6 2. Nf3 d5 3. d4 Nf6 4. Nc3 dxc4 5. a4 Bf5 6. Ne5 Nbd7 7. Nxc4 Qc7 8. g3
e5 9. dxe5 Nxe5 10. Bf4 Nfd7 11. Bg2 g5 12. Ne3 gxf4 13. Nxf5 O-O-O 14. Qc2 fxg3
15. hxg3 h5 16. O-O-O Kb8 17. Ne4 Bb4 18. f4 Ng4 19. Bf3 a5 20. Bxg4 hxg4 21.
Rxh8 Rxh8 22. Ne3 Nb6 23. Nf6 Qe7 24. Nexg4 Rh3 25. e4 Rxg3 26. Kb1 Qe6 27. f5
Qb3 28. Nd7+ Ka7 29. Qxb3 Rxb3 30. Nxb6 Kxb6 31. Ne5 f6 32. Nd7+ Ka6 33. Nxf6
Re3 34. Rd4 b5 35. Nd7 bxa4 36. e5 Re1+ 37. Ka2 Re2 38. f6 a3 39. Rxb4 axb4 40.
f7 Rxb2+ 41. Ka1 Rf2 42. f8=Q Rxf8 43. Nxf8 Kb7 44. e6 1-0

[Event "Global Chess League Final"]
[Site "Dubai UAE"]
[Date "2023.07.02"]
[Round "2.4"]
[White "Koneru, Humpy"]
[Black "Lagno, Kateryna"]
[Result "1/2-1/2"]
[WhiteTitle "GM"]
[BlackTitle "GM"]
[WhiteElo "2553"]
[BlackElo "2552"]
[WhiteTeam "Upgrad mumba masters"]
[BlackTeam "Triveni Continental Kings"]
[WhiteFideId "5008123"]
[BlackFideId "14109336"]
[EventDate "2023.07.02"]

1. c4 e6 2. Nf3 d5 3. e3 Nf6 4. Nc3 c5 5. d4 Nc6 6. a3 a6 7. cxd5 exd5 8. Bd3
Bg4 9. O-O Bd6 10. dxc5 Bxc5 11. h3 Bh5 12. g4 Bg6 13. g5 Ne4 14. Bxe4 dxe4 15.
Qxd8+ Rxd8 16. Nh4 Be7 17. Kg2 Bxg5 18. Nxg6 hxg6 19. Nxe4 Be7 20. b4 Rh4 21.
Ng3 Bf6 22. Rb1 Rc4 23. b5 axb5 24. Rxb5 Rd7 25. Bb2 Bxb2 26. Rxb2 Ra4 27. Rb3
Na5 28. Rc3 Rc4 29. Rfc1 Rdc7 30. Rxc4 Rxc4 31. Rb1 Ra4 32. Kf3 Rxa3 33. Ne4 Kd7
34. Rd1+ Ke7 35. Rc1 Nc6 36. h4 Nd4+ 37. Kg2 Ne6 38. Rb1 Ra7 39. f4 Kd7 40. Kf3
Ke7 41. Rb6 Nd8 42. Nc5 Ra8 43. Rb3 Rb8 44. Rb6 Rc8 45. Rb5 Rc7 46. Ke4 Kd6 47.
Nb3 Ne6 48. Rb6+ Kd7 49. Kd5 Kc8 50. Nd4 Rd7+ 51. Kc4 Kc7 52. Rb5 Nxd4 53. exd4
Kc6 54. Rc5+ Kd6 55. Rb5 Rc7+ 56. Kd3 Re7 57. h5 gxh5 58. Rxh5 g6 59. Rb5 Kc6
60. Rc5+ Kd6 61. Rb5 Kc6 62. Rc5+ Kd6 63. Rb5 1/2-1/2

[Event "Global Chess League Final"]
[Site "Dubai UAE"]
[Date "2023.07.02"]
[Round "2.5"]
[White "Dronavalli, Harika"]
[Black "Khademalsharieh, Sarasadat"]
[Result "1-0"]
[WhiteTitle "GM"]
[BlackTitle "IM"]
[WhiteElo "2500"]
[BlackElo "2488"]
[WhiteTeam "Upgrad mumba masters"]
[BlackTeam "Triveni Continental Kings"]
[WhiteFideId "5015197"]
[BlackFideId "12512214"]
[EventDate "2023.07.02"]

1. c4 e6 2. g3 d5 3. Bg2 Nf6 4. Nf3 d4 5. O-O c5 6. e3 Nc6 7. exd4 cxd4 8. d3 h6
9. Bd2 a5 10. Na3 Nd7 11. Nb5 e5 12. Nh4 Nc5 13. f4 Be7 14. Qf3 O-O 15. Rae1
Bxh4 16. gxh4 Bf5 17. fxe5 Bxd3 18. Qg3 Kh7 19. Rf4 Bg6 20. h5 Bxh5 21. Nd6 Bg6
22. Nf5 Qg5 23. Qf3 Bxf5 24. h4 Qe7 25. Rxf5 Ra6 26. Rf1 Nxe5 27. Qd5 Ncd3 28.
h5 g6 29. Qxb7 Qxb7 30. Bxb7 Rb6 31. hxg6+ Rxg6+ 32. Kh1 Nxc4 33. Be4 Kg7 34.
Bxd3 Nxd2 35. R1f2 Re8 36. Rxd2 Re3 37. Bf1 Rg5 38. Rxg5+ hxg5 39. Rxd4 Re1 40.
Kg2 Rb1 41. Rd2 f5 42. Bd3 Ra1 43. Bxf5 Rxa2 44. Be6 Ra1 45. Kf3 a4 46. Ke4 Kf6
47. Bc4 a3 48. b4 Rb1 49. b5 Rb2 50. Rd6+ Ke7 51. Ra6 a2 52. Rxa2 1-0

[Event "Global Chess League Final"]
[Site "Dubai UAE"]
[Date "2023.07.02"]
[Round "2.6"]
[White "Sindarov, Javokhir"]
[Black "Bjerre, Jonas Buhl"]
[Result "1-0"]
[WhiteTitle "GM"]
[BlackTitle "GM"]
[WhiteElo "2659"]
[BlackElo "2624"]
[WhiteTeam "Upgrad mumba masters"]
[BlackTeam "Triveni Continental Kings"]
[WhiteFideId "14205483"]
[BlackFideId "1444948"]
[EventDate "2023.07.02"]

1. e4 c5 2. Nf3 d6 3. d4 cxd4 4. Nxd4 Nf6 5. Bd3 Nc6 6. Be3 g6 7. h3 Bg7 8. c4
Ng4 9. hxg4 Bxd4 10. Bxd4 Nxd4 11. Nc3 e5 12. Nd5 Be6 13. Qd2 Rc8 14. f4 Bxd5
15. exd5 Qe7 16. O-O O-O 17. fxe5 dxe5 18. Rae1 f6 19. Qe3 Rce8 20. Rf2 Qd7 21.
Qg3 Qd6 22. Kh1 Kg7 23. b3 b6 24. Bb1 a5 25. Rff1 Rh8 26. Kg1 Qc5 27. Rf2 Rhf8
28. Kh1 Qd6 29. Qc3 f5 30. gxf5 gxf5 31. Re3 Rf6 32. Rh3 Kh8 33. g4 fxg4 34.
Rxh7+ Kg8 35. Qg3 e4 36. Qxd6 Rxd6 37. Rh4 Rg6 38. Rf4 Ne2 39. Rfxg4 Rxg4 40.
Rxg4+ Kf7 41. Kg2 Nc3 42. Bc2 Kf6 43. Rg3 Nxa2 44. Re3 Kf5 45. d6 Nb4 46. Bb1
Kf4 47. d7 Rd8 48. Rxe4+ Kg5 49. Rd4 Kf6 50. Kf3 Ke5 51. Ke3 Na6 52. Rd5+ Ke6
53. Bf5+ Kf6 54. Bh3 Ke7 55. Rb5 Rb8 56. Re5+ Kf7 57. Rb5 Ke7 58. Re5+ Kf7 59.
Kd4 Nc5 60. Kd5 Nxb3 61. Kd6 Nc5 62. Re7+ Kf8 63. Re3 a4 64. Bg4 Kg7 65. Re8
Nxd7 66. Re7+ Kf6 67. Bxd7 a3 68. Re2 Ra8 69. Ra2 Ra7 70. Bb5 1-0

[Event "Global Chess League Final"]
[Site "Dubai UAE"]
[Date "2023.07.02"]
[Round "3.1"]
[White "Aronian, Levon"]
[Black "Vachier-Lagrave, Maxime"]
[Result "1/2-1/2"]
[WhiteTitle "GM"]
[BlackTitle "GM"]
[WhiteElo "2742"]
[BlackElo "2739"]
[WhiteTeam "Triveni Continental Kings"]
[BlackTeam "Upgrad mumba masters"]
[WhiteFideId "13300474"]
[BlackFideId "623539"]
[EventDate "2023.07.02"]

1. e4 c5 2. Nf3 d6 3. d4 cxd4 4. Nxd4 Nf6 5. Nc3 a6 6. Bd3 g6 7. f3 Bg7 8. Be3
Nbd7 9. Qd2 h5 10. a4 b6 11. O-O Bb7 12. Rfd1 Qc7 13. Bf1 Ne5 14. Rac1 Rc8 15.
Nb3 O-O 16. Qf2 Ned7 17. Kh1 Rfd8 18. Rd2 Nc5 19. Rcd1 Qb8 20. Nxc5 dxc5 21. a5
Rxd2 22. Rxd2 bxa5 23. Bxc5 Bf8 24. Bb6 a4 25. Bc5 Qe5 26. Ba3 Qa5 27. Qe3 e5
28. Bxf8 Rxf8 29. Rd6 Kg7 30. Qb6 Qxb6 31. Rxb6 Bc8 32. Nxa4 Rd8 33. Bd3 a5 34.
Kg1 Bd7 35. Nc3 a4 36. Kf2 Rc8 37. Nb1 Bc6 38. Rb4 Nd7 39. Nc3 Nc5 40. Bc4 Be8
41. Ke3 f5 42. Kd2 f4 43. Bb5 Rd8+ 44. Kc1 Rb8 45. Rc4 Bxb5 46. Rxc5 Bf1 47. g3
fxg3 48. hxg3 Rf8 49. Rxe5 Rxf3 50. Nd5 Rxg3 51. Re7+ Kh6 52. e5 Bc4 53. Nf6 Re3
54. Kd2 Re2+ 55. Kc3 Ba2 56. b3 axb3 57. cxb3 Re3+ 58. Kd4 Rxb3 59. Rh7+ Kg5 60.
Ne4+ Kh4 61. Rg7 Rb4+ 62. Ke3 Be6 63. Nc5 Bf5 64. e6 Rb8 65. Kf4 Bxe6 66. Nxe6
Rb4+ 67. Ke5 Rg4 68. Nf4 g5 69. Ne6 Kg3 70. Nxg5 h4 71. Ne4+ Kf3 72. Rf7+ Ke3
73. Nf2 Rg5+ 74. Ke6 Rg3 75. Nd1+ Ke2 76. Nf2 Rf3 77. Rxf3 Kxf3 78. Kf5 Kxf2 79.
Kg4 h3 80. Kxh3 1/2-1/2

[Event "Global Chess League Final"]
[Site "Dubai UAE"]
[Date "2023.07.02"]
[Round "3.2"]
[White "Yu, Yangyi"]
[Black "Grischuk, Alexander"]
[Result "1-0"]
[WhiteTitle "GM"]
[BlackTitle "GM"]
[WhiteElo "2735"]
[BlackElo "2736"]
[WhiteTeam "Triveni Continental Kings"]
[BlackTeam "Upgrad mumba masters"]
[WhiteFideId "8603820"]
[BlackFideId "4126025"]
[EventDate "2023.07.02"]

1. e4 e5 2. Nf3 Nc6 3. Bc4 Bc5 4. d3 Nf6 5. O-O d6 6. c3 a6 7. Nbd2 Ba7 8. Re1
O-O 9. Bb3 Be6 10. Nf1 Bxb3 11. Qxb3 Qd7 12. h3 h6 13. Ng3 Rfe8 14. Be3 Bxe3 15.
fxe3 Ne7 16. Rf1 Ng6 17. Nh2 Re6 18. Qxb7 Ree8 19. Qb3 Rab8 20. Qc2 Re6 21. c4
c6 22. Rf2 d5 23. exd5 cxd5 24. Raf1 d4 25. exd4 exd4 26. Nf5 Nh5 27. Ng4 Ne5
28. Qd1 g6 29. Nfxh6+ 1-0

[Event "Global Chess League Final"]
[Site "Dubai UAE"]
[Date "2023.07.02"]
[Round "3.4"]
[White "Lagno, Kateryna"]
[Black "Koneru, Humpy"]
[Result "1/2-1/2"]
[WhiteTitle "GM"]
[BlackTitle "GM"]
[WhiteElo "2552"]
[BlackElo "2553"]
[WhiteTeam "Triveni Continental Kings"]
[BlackTeam "Upgrad mumba masters"]
[WhiteFideId "14109336"]
[BlackFideId "5008123"]
[EventDate "2023.07.02"]

1. e4 e5 2. Nf3 Nf6 3. Nxe5 d6 4. Nf3 Nxe4 5. d3 Nf6 6. d4 g6 7. Nc3 Bg7 8. Bg5
h6 9. Qe2+ Kf8 10. Be3 c6 11. Qd2 Be6 12. h3 Nbd7 13. Bd3 Nb6 14. Qe2 Qd7 15.
O-O-O Re8 16. Kb1 Kg8 17. Rde1 Kh7 18. g4 Nfd5 19. Nxd5 Bxd5 20. h4 Kg8 21. Rhg1
Qe6 22. Nd2 Bxa2+ 23. Kc1 Nd5 24. b3 Nxe3 25. fxe3 c5 26. Kb2 cxd4 27. Kxa2 dxe3
28. Nc4 Qd5 29. Kb1 Qd4 30. c3 Qxc3 31. Ka2 b5 32. Rc1 Qb4 33. Na3 d5 34. Rgf1
Qe7 35. Nxb5 Kh7 36. Rc7 Qb4 37. Rfxf7 Qa5+ 38. Kb1 Qa1+ 39. Kc2 Qb2+ 40. Kd1
Qa1+ 41. Kc2 Qb2+ 42. Kd1 Qa1+ 43. Rc1 Qe5 44. Rcc7 Qa1+ 1/2-1/2

[Event "Global Chess League Final"]
[Site "Dubai UAE"]
[Date "2023.07.02"]
[Round "3.5"]
[White "Khademalsharieh, Sarasadat"]
[Black "Dronavalli, Harika"]
[Result "0-1"]
[WhiteTitle "IM"]
[BlackTitle "GM"]
[WhiteElo "2488"]
[BlackElo "2500"]
[WhiteTeam "Triveni Continental Kings"]
[BlackTeam "Upgrad mumba masters"]
[WhiteFideId "12512214"]
[BlackFideId "5015197"]
[EventDate "2023.07.02"]

1. d4 g6 2. Nf3 Bg7 3. g3 d5 4. Bg2 Nf6 5. c4 c6 6. cxd5 cxd5 7. O-O O-O 8. Ne5
Bf5 9. Nc3 Ne4 10. Qb3 Nc6 11. Nxc6 bxc6 12. Nxe4 dxe4 13. e3 Rb8 14. Qc2 Qd5
15. Bd2 c5 16. Bc3 cxd4 17. exd4 Bxd4 18. Bxd4 Qxd4 19. b3 e3 20. Qe2 Bd3 21.
fxe3 Bxe2 22. exd4 Bxf1 23. Kxf1 Rfd8 24. d5 Rb6 25. Re1 e6 26. Re5 Kg7 27. dxe6
Rxe6 0-1

[Event "Global Chess League Final"]
[Site "Dubai UAE"]
[Date "2023.07.02"]
[Round "3.6"]
[White "Bjerre, Jonas Buhl"]
[Black "Sindarov, Javokhir"]
[Result "0-1"]
[WhiteTitle "GM"]
[BlackTitle "GM"]
[WhiteElo "2624"]
[BlackElo "2659"]
[WhiteTeam "Triveni Continental Kings"]
[BlackTeam "Upgrad mumba masters"]
[WhiteFideId "1444948"]
[BlackFideId "14205483"]
[EventDate "2023.07.02"]

1. e4 e5 2. Nf3 Nc6 3. Bb5 a6 4. Ba4 Nf6 5. O-O b5 6. Bb3 Bc5 7. a4 Bb7 8. d3 d6
9. Nc3 b4 10. Ne2 O-O 11. Bg5 h6 12. Bh4 g5 13. Nxg5 hxg5 14. Bxg5 Kg7 15. Ng3
Rh8 16. Bd5 Kg6 17. h4 Qd7 18. Bxc6 Bxc6 19. Nf5 Nxe4 20. Ne7+ Kg7 21. Nxc6 Nxg5
22. d4 Rxh4 23. dxc5 Rah8 24. f4 Qxc6 25. fxg5 Qxc5+ 0-1

[Event "Global Chess League Final"]
[Site "Dubai UAE"]
[Date "2023.07.02"]
[Round "4.1"]
[White "Vachier-Lagrave, Maxime"]
[Black "Aronian, Levon"]
[Result "1-0"]
[WhiteTitle "GM"]
[BlackTitle "GM"]
[WhiteElo "2739"]
[BlackElo "2742"]
[WhiteTeam "Upgrad mumba masters"]
[BlackTeam "Triveni Continental Kings"]
[WhiteFideId "623539"]
[BlackFideId "13300474"]
[EventDate "2023.07.02"]

1. d4 d5 2. c4 dxc4 3. Nf3 Nf6 4. e3 e6 5. Bxc4 a6 6. O-O c5 7. b3 b6 8. Bb2 Bb7
9. Be2 Nbd7 10. Nbd2 Be7 11. dxc5 Bxc5 12. Nc4 O-O 13. Rc1 Qe7 14. Ne1 Rfd8 15.
Nd3 Rac8 16. Bf3 Bd5 17. Nxc5 bxc5 18. Qe2 Ne4 19. Rfd1 f5 20. Bxe4 fxe4 21. h3
Rf8 22. Qg4 Nf6 23. Qg3 Rcd8 24. Ne5 Nh5 25. Qg4 Rf5 26. Qe2 Rdf8 27. Ng4 Rg5
28. Qxa6 Nf6 29. Ne5 Qe8 30. Qe2 Nd7 31. Nxd7 Qxd7 32. Rxc5 Qe8 33. Rc7 Qb8 34.
Rdc1 Qa8 35. h4 Rg6 36. Qh5 Qe8 37. Qe5 Rgf6 38. h5 h6 39. Qg3 e5 40. Qxg7# 1-0

[Event "Global Chess League Final"]
[Site "Dubai UAE"]
[Date "2023.07.02"]
[Round "4.2"]
[White "Grischuk, Alexander"]
[Black "Yu, Yangyi"]
[Result "0-1"]
[WhiteTitle "GM"]
[BlackTitle "GM"]
[WhiteElo "2736"]
[BlackElo "2735"]
[WhiteTeam "Upgrad mumba masters"]
[BlackTeam "Triveni Continental Kings"]
[WhiteFideId "4126025"]
[BlackFideId "8603820"]
[EventDate "2023.07.02"]

1. e4 c5 2. Nf3 d6 3. d4 cxd4 4. Nxd4 Nf6 5. Nc3 a6 6. Be3 e6 7. f3 b5 8. Qd2 b4
9. Nce2 e5 10. Nb3 Nc6 11. c4 Be6 12. Ng3 h5 13. Bd3 h4 14. Ne2 Be7 15. h3 a5
16. f4 a4 17. Nbc1 Qa5 18. Rb1 Bd8 19. b3 Bb6 20. O-O O-O 21. Kh1 Bxe3 22. Qxe3
Qc5 23. Qd2 Ra7 24. f5 Bd7 25. Qg5 axb3 26. axb3 Rfa8 27. Qxh4 Ra1 28. Qg3 Rxb1
29. Bxb1 Ra1 30. Bc2 Nd4 31. Qd3 Bc6 32. Nxd4 exd4 33. Qf3 Qa7 34. Bd3 Qa3 35.
Ne2 Rxf1+ 36. Qxf1 Qb2 37. Qf2 Bxe4 38. Bxe4 Nxe4 39. Qf3 Qxe2 0-1

[Event "Global Chess League Final"]
[Site "Dubai UAE"]
[Date "2023.07.02"]
[Round "4.4"]
[White "Koneru, Humpy"]
[Black "Lagno, Kateryna"]
[Result "0-1"]
[WhiteTitle "GM"]
[BlackTitle "GM"]
[WhiteElo "2553"]
[BlackElo "2552"]
[WhiteTeam "Upgrad mumba masters"]
[BlackTeam "Triveni Continental Kings"]
[WhiteFideId "5008123"]
[BlackFideId "14109336"]
[EventDate "2023.07.02"]

1. Nf3 Nf6 2. c4 e6 3. Nc3 d5 4. d4 dxc4 5. e3 a6 6. Bxc4 b5 7. Bd3 Bb7 8. O-O
Nbd7 9. b3 c5 10. Bb2 Be7 11. Rc1 O-O 12. Qe2 cxd4 13. Nxd4 Ne5 14. Bb1 Qb6 15.
Rfd1 Rac8 16. Nf3 Nxf3+ 17. gxf3 Qa5 18. Ne4 Nxe4 19. fxe4 Ba3 20. Bxa3 Qxa3 21.
Rxc8 Rxc8 22. Qd2 Qe7 23. Qd7 Kf8 24. Qxe7+ Kxe7 25. Kf1 Rc5 26. f3 a5 27. Kf2
Bc6 28. Bd3 Bd7 29. f4 f6 30. Be2 Rc2 31. a3 b4 32. a4 Rb2 33. Rd3 Bc6 34. Ke1
Bxe4 35. Rd4 Bd5 36. Bd1 Bxb3 37. Bxb3 Rxb3 38. e4 Ra3 0-1